Southville International School and Colleges
Your cart is empty.
  • Cart
  • Lists
    Public lists Eva Luna New books Lux_list list_1
    Your lists Log in to create your own lists
  • Log in to your account
  • Your cookies
  • Search history
Southville International School and Colleges
  • Advanced search
  • Recent comments
  • Most popular
  • Libraries

Log in to your account

Log in with GOOGLE


If you do not have an external account, but do have a local account, you can still log in:

  1. Home
  2. MARC view: Nightwatch :
Normal view MARC view ISBD view

Nightwatch : (Record no. 102467)

[ view plain ]
MARC details
000 -LEADER
fixed length control field 00640nam a2200181 a 4500
005 - DATE AND TIME OF LATEST TRANSACTION
control field 20140412111236.0
008 - FIXED-LENGTH DATA ELEMENTS--GENERAL INFORMATION
fixed length control field 010604s19uu xx 00 eng d
020 ## - INTERNATIONAL STANDARD BOOK NUMBER
International Standard Book Number 1-57584-251-3
050 ## - LIBRARY OF CONGRESS CALL NUMBER
Classification number M 500
Item number Ni563 1999
245 ## - TITLE STATEMENT
Title Nightwatch :
Remainder of title nightlife in the Tropical Rain Forest.
260 ## - PUBLICATION, DISTRIBUTION, ETC. (IMPRINT)
Place of publication, distribution, etc Pleasantville, N. Y :
Name of publisher, distributor, etc Reader's Digest Children's Books,
Date of publication, distribution, etc 1999.
300 ## - PHYSICAL DESCRIPTION
Extent 17p. ; ill.
440 ## - SERIES STATEMENT/ADDED ENTRY--TITLE
Title See-Through Series
520 ## - SUMMARY, ETC.
Summary, etc Nightwatch transport you deep into the jungle, to roam the forests as the animals do.
650 ## - SUBJECT ADDED ENTRY--TOPICAL TERM
Topical term or geographic name as entry element Animals-Juvenile literature
650 ## - SUBJECT ADDED ENTRY--TOPICAL TERM
Topical term or geographic name as entry element Tropical Rain Forest-Juvenile literature
Holdings
Withdrawn status Lost status Damaged status Use restrictions Home library Current library Shelving location Date acquired Source of acquisition Total Checkouts Full call number Barcode Date last seen Price effective from Koha item type
        Elizalde Library Elizalde Library Main Section 06/04/2001     M 500 Ni563 1999 E1815 04/12/2014 04/12/2014 Books

Nightwatch :

APA

(1999). Nightwatch. Pleasantville, N. Y: Reader's Digest Children's Books.

Chicago

1999. Nightwatch. Pleasantville, N. Y: Reader's Digest Children's Books.

Harvard

(1999). Nightwatch. Pleasantville, N. Y: Reader's Digest Children's Books.

MLA

Nightwatch. Pleasantville, N. Y: Reader's Digest Children's Books. 1999.

  • Place hold
  • Print
  • Cite
  • Add to your cart (remove)
  • Save record
    BIBTEX Dublin Core MARCXML MARC (non-Unicode/MARC-8) MARC (Unicode/UTF-8) MARC (Unicode/UTF-8, Standard) MODS (XML) RIS
  • More searches
    Search for this title in:
    Other Libraries (WorldCat) Other Databases (Google Scholar) Online Stores (Bookfinder.com) Open Library (openlibrary.org)

Exporting to Dublin Core...

SOUTHVILLE LIBRARY

Southville International School and Colleges Library

1281 Tropical Ave. Cor. Luxembourg St., BF Homes International, Las Pinas City

Tel. No. 8256374 / 252358 Loc. 117/146

Powered by Koha